[Event "17ème Open International de La Réunion"]
[Site "Saint Denis"]
[Date "2015.10.10"]
[Round "7.1"]
[White "Sharma, Dinesh K"]
[Black "Gretry, Patrice"]
[Result "1/2-1/2"]
[WhiteElo "2356"]
[BlackElo "1997"]
[PlyCount "43"]
[EventDate "2015.??.??"]

1. e4 e5 2. Nf3 Nc6 3. Bb5 a6 4. Ba4 Nf6 5. O-O Be7 6. d3 b5 7. Bb3 d6 8. a4
Bb7 9. c3 O-O 10. Re1 Na5 11. Bc2 c5 12. Nbd2 Re8 13. Nf1 Bf8 14. Ng3 g6 15.
Bd2 Bg7 16. h3 Nc6 17. Bb3 Qe7 18. Nf1 Nd8 19. axb5 axb5 20. Rxa8 Bxa8 21. Ng3
Ne6 22. Ng5 1/2-1/2

[Event "17ème Open International de La Réunion"]
[Site "Saint Denis"]
[Date "2015.10.10"]
[Round "7.2"]
[White "Ralison, Milanto Harifidy"]
[Black "Mezouaghi, Miloud"]
[Result "1-0"]
[WhiteElo "2046"]
[BlackElo "2074"]
[PlyCount "79"]
[EventDate "2015.??.??"]

1. e4 c5 2. Nf3 d6 3. d4 cxd4 4. Nxd4 Nf6 5. Nc3 a6 6. Bc4 e6 7. Bb3 Be7 8. f4
Nc6 9. Be3 Qc7 10. a4 O-O 11. O-O Na5 12. Ba2 Nc4 13. Bxc4 Qxc4 14. a5 Bd7 15.
Qf3 Rac8 16. Rfe1 Rfd8 17. f5 e5 18. Nb3 Bc6 19. Bb6 d5 20. Bxd8 Rxd8 21. exd5
Nxd5 22. Qe4 Qxe4 23. Nxe4 Nb4 24. Rac1 f6 25. Nf2 Ba4 26. Red1 Rc8 27. Ra1 Bb5
28. Ne4 Rxc2 29. Rac1 Rxb2 30. Rc8+ Kf7 31. Nbc5 Bc6 32. Rc7 Ke8 33. Nd6+ Bxd6
34. Rxd6 Rxg2+ 35. Kf1 Rxh2 36. Ne6 Rh1+ 37. Kf2 Rh2+ 38. Kg3 Rg2+ 39. Kh3 Rg1
40. Rd8# 1-0

[Event "17ème Open International de La Réunion"]
[Site "Saint Denis"]
[Date "2015.10.10"]
[Round "7.3"]
[White "Desire, Michael"]
[Black "Harshal, Shahi"]
[Result "0-1"]
[WhiteElo "1783"]
[BlackElo "2079"]
[PlyCount "86"]
[EventDate "2015.??.??"]

1. c4 e6 2. d3 d5 3. cxd5 exd5 4. Nf3 Nf6 5. a3 Be7 6. e3 O-O 7. Be2 c6 8. O-O
Bf5 9. b4 Nbd7 10. Bb2 Re8 11. Nbd2 Bd6 12. Qc2 h6 13. Rac1 Qe7 14. Nb3 Bh7 15.
Rfe1 Ng4 16. Qc3 f6 17. Qd2 f5 18. Nbd4 Ngf6 19. Bd1 g5 20. Qc3 Bg6 21. Ne2 Kh7
22. Ng3 Qf8 23. Bc2 Rac8 24. Qd2 f4 25. Ne2 fxe3 26. fxe3 Ng4 27. Ng3 Bxg3 28.
hxg3 Qd6 29. e4 Qxg3 30. exd5 cxd5 31. Ba4 Rxc1 32. Rxc1 Qd6 33. Qc3 Qb6+ 34.
Qd4 Re7 35. Rc5 Ndf6 36. Bb3 Qd6 37. Rxd5 Qg3 38. Qc3 Qf2+ 39. Kh1 Qf1+ 40. Ng1
Nf2+ 41. Kh2 N6g4+ 42. Kg3 Nh1+ 43. Kxg4 Qf4+ 0-1

[Event "17ème Open International de La Réunion"]
[Site "Saint Denis"]
[Date "2015.10.10"]
[Round "7.4"]
[White "Frelicot, Eric"]
[Black "Horny, Guenter"]
[Result "0-1"]
[WhiteElo "1787"]
[BlackElo "1878"]
[PlyCount "96"]
[EventDate "2015.??.??"]

1. c4 Nf6 2. Nc3 g6 3. g3 Bg7 4. Bg2 d6 5. Nf3 c6 6. O-O O-O 7. Rb1 a5 8. a3 e5
9. d3 Na6 10. b4 Rb8 11. Bg5 Be6 12. Ne4 axb4 13. axb4 d5 14. Nxf6+ Bxf6 15.
Bxf6 Qxf6 16. b5 cxb5 17. cxb5 Nc7 18. Qd2 e4 19. Qg5 Qg7 20. dxe4 dxe4 21. Nd2
f5 22. Rfc1 Nd5 23. Nb3 Nc3 24. Nc5 Nxb1 25. Nxe6 Qf6 26. Qe3 Qxe6 27. Rxb1
Rfd8 28. h4 Qa2 29. Rc1 Qd2 30. Qb3+ Qd5 31. Qb2 Rbc8 32. Rxc8 Rxc8 33. h5 gxh5
34. Qf6 Qf7 35. Qg5+ Kf8 36. Bh3 Ke8 37. Qf4 Qf6 38. b6 Kf7 39. Qd2 Rd8 40.
Qa2+ Qe6 41. Qa5 e3 42. f3 Rd5 43. Qa8 Qxb6 44. Qh8 Qg6 45. g4 fxg4 46. fxg4
hxg4 47. Bf1 Qf6 48. Qb8 Qf2+ 0-1

[Event "17ème Open International de La Réunion"]
[Site "Saint Denis"]
[Date "2015.10.10"]
[Round "7.5"]
[White "Neu, Jeannot"]
[Black "Lorans, Sylvain"]
[Result "0-1"]
[WhiteElo "1694"]
[BlackElo "2188"]
[PlyCount "36"]
[EventDate "2015.??.??"]

1. d4 Nf6 2. c4 e6 3. Nc3 Bb4 4. f3 d5 5. a3 Bxc3+ 6. bxc3 c5 7. cxd5 exd5 8.
dxc5 Qa5 9. Qd4 Nc6 10. Qe3+ Be6 11. Bd2 O-O-O 12. Qf2 Ne5 13. Qd4 Nc4 14. e3
Nd7 15. Be2 Nxc5 16. Bd1 Bf5 17. g3 Rhe8 18. h4 Ne6 0-1

[Event "17ème Open International de La Réunion"]
[Site "Saint Denis"]
[Date "2015.10.10"]
[Round "7.6"]
[White "Schneider, Wolfram"]
[Black "Rajaobelina, Hery"]
[Result "1-0"]
[WhiteElo "1988"]
[BlackElo "1787"]
[PlyCount "63"]
[EventDate "2015.??.??"]

1. Nf3 Nf6 2. c4 g6 3. b3 Bg7 4. Bb2 d6 5. d4 O-O 6. g3 c5 7. Bg2 Nbd7 8. Nbd2
a6 9. O-O Rb8 10. Qc2 b5 11. Rad1 Qb6 12. Rfe1 Bb7 13. d5 e6 14. dxe6 fxe6 15.
e4 d5 16. cxd5 exd5 17. exd5 Nxd5 18. Bxg7 Kxg7 19. Ng5 Rfe8 20. Nde4 N7f6 21.
Qxc5 Nxe4 22. Qxb6 Nxb6 23. Bxe4 a5 24. Rd6 Bxe4 25. Nxe4 a4 26. f3 Rec8 27.
Re2 Rc1+ 28. Kg2 axb3 29. axb3 Rb1 30. Ng5 Rb7 31. Ne6+ Kh6 32. Re4 1-0

[Event "17ème Open International de La Réunion"]
[Site "Saint Denis"]
[Date "2015.10.10"]
[Round "7.7"]
[White "Dijoux, Julien"]
[Black "Triton, Maxime"]
[Result "1-0"]
[WhiteElo "1908"]
[BlackElo "1605"]
[PlyCount "51"]
[EventDate "2015.??.??"]

1. d4 Nf6 2. Bg5 e6 3. e4 Be7 4. Bxf6 Bxf6 5. e5 Be7 6. Bd3 d5 7. c3 c5 8. Ne2
Nc6 9. Bb5 Bd7 10. Bxc6 Bxc6 11. Nd2 cxd4 12. Nxd4 Qc7 13. f4 a6 14. a4 h6 15.
N2f3 Bd7 16. Qe2 O-O-O 17. Kd2 Qc4 18. Qxc4+ dxc4 19. Kc2 Bc5 20. Rhd1 Kc7 21.
Nd2 b5 22. Ne4 Be7 23. axb5 Bxb5 24. Nxb5+ axb5 25. Ra7+ Kc6 26. Rxe7 1-0

[Event "17ème Open International de La Réunion"]
[Site "Saint Denis"]
[Date "2015.10.10"]
[Round "7.8"]
[White "Payet, Jean-Claude"]
[Black "Folio, Cedric"]
[Result "1-0"]
[WhiteElo "1872"]
[BlackElo "1667"]
[PlyCount "191"]
[EventDate "2015.??.??"]

1. e4 b6 2. Nf3 Bb7 3. Nc3 c5 4. d3 h6 5. Be2 e6 6. Bf4 a6 7. a4 d6 8. Bg3 e5
9. Nd2 g5 10. h4 Bg7 11. Nc4 Nf6 12. a5 b5 13. Nb6 Ra7 14. Qd2 Nfd7 15. Ncd5
Nc6 16. Bg4 Ncb8 17. hxg5 hxg5 18. Rxh8+ Bxh8 19. Ke2 Bxd5 20. Nxd5 Nc6 21. Rh1
Bg7 22. Rh7 Kf8 23. Bxd7 Rxd7 24. Nb6 Rb7 25. f3 f6 26. Bf2 Nxa5 27. Nd5 Nc6
28. Qd1 Ne7 29. Ne3 Qe8 30. Qa1 Ra7 31. Qa5 Kg8 32. Rh2 Qd7 33. Ng4 Qc7 34.
Qa2+ Kf8 35. Rh7 Ra8 36. Qe6 Ng8 37. Be3 Re8 38. Qd5 a5 39. g3 Qd7 40. Bxc5 Rd8
41. Bb6 Rc8 42. c3 a4 43. Ba5 Ne7 44. Qa2 Ng8 45. Bb4 Rc6 46. Qd5 Ra6 47. Ne3
Ne7 48. Qa2 Qe8 49. g4 Qf7 50. Qa3 Qe6 51. c4 bxc4 52. Nxc4 Nc8 53. Rh1 Kg8 54.
Rc1 Bf8 55. Ne3 Na7 56. Nd5 Nb5 57. Qa2 Kg7 58. Qc4 Nd4+ 59. Ke3 Rc6 60. Qxc6
Nxc6 61. Rxc6 Kg6 62. Ra6 Qd7 63. Nc3 Be7 64. Ke2 Bf8 65. Rxa4 Qh7 66. Nd1 Qh2+
67. Nf2 Be7 68. Ra6 Qg1 69. Be1 Qg3 70. b4 Qf4 71. Bd2 Qh2 72. b5 Qh8 73. Be3
Qb8 74. b6 Bd8 75. Ra1 Bxb6 76. Rb1 Qa8 77. Rxb6 Qa2+ 78. Bd2 Qa3 79. Nd1 Qc5
80. Be3 Qc2+ 81. Bd2 Qc5 82. Ra6 d5 83. Nc3 Qc8 84. Rb6 dxe4 85. Nxe4 Qc2 86.
Rxf6+ Kg7 87. Rf5 Qb1 88. Rxg5+ Kf7 89. Rxe5 Qg1 90. Nf2 Qg3 91. Re4 Qc7 92. f4
Qc8 93. f5 Qh8 94. Rc4 Qe8+ 95. Ne4 Qh8 96. Rc7+ 1-0

[Event "17ème Open International de La Réunion"]
[Site "Saint Denis"]
[Date "2015.10.10"]
[Round "7.9"]
[White "Bah, Ismael"]
[Black "Riviere, Etienne"]
[Result "0-1"]
[WhiteElo "1754"]
[BlackElo "1846"]
[PlyCount "111"]
[EventDate "2015.??.??"]

1. d4 Nf6 2. c4 c5 3. e3 e6 4. a3 Be7 5. Nf3 O-O 6. Nc3 cxd4 7. exd4 d6 8. Bd3
Bd7 9. O-O Qc7 10. Bg5 Re8 11. Rc1 a6 12. Re1 Nc6 13. b4 Rac8 14. Bh4 h6 15. d5
Nb8 16. Ne4 Nxe4 17. Bxe4 Bxh4 18. Nxh4 e5 19. Bb1 Qd8 20. Nf3 Bg4 21. h3 Bh5
22. Qb3 Nd7 23. Bf5 Rc7 24. g4 Bg6 25. Bxg6 fxg6 26. Nd2 Rf8 27. Ne4 Nf6 28.
Ng3 Nd7 29. Qd3 Kh7 30. Kg2 b6 31. Rh1 Qh4 32. Ne4 Nf6 33. Ng3 Rcf7 34. Rhf1
Nd7 35. f3 Qe7 36. Ne4 Nf6 37. Nd2 Nd7 38. Kg3 Qf6 39. Qe4 Qg5 40. Qd3 Qf4+ 41.
Kg2 Nf6 42. c5 bxc5 43. bxc5 dxc5 44. Rxc5 Rd7 45. Ne4 Rfd8 46. Nxf6+ Qxf6 47.
Rd1 Qb6 48. Qc3 Rd6 49. Qb4 Qa7 50. a4 Qa8 51. Qc4 Qb7 52. Rd2 Qb6 53. Rd3 Qb2+
54. Kg3 Qb1 55. Kf2 Qh1 56. Ke3 0-1

[Event "17ème Open International de La Réunion"]
[Site "Saint Denis"]
[Date "2015.10.10"]
[Round "7.10"]
[White "Rajaonson, Andriamahenina"]
[Black "Gaudissard, Dominique"]
[Result "1/2-1/2"]
[WhiteElo "1840"]
[BlackElo "1723"]
[PlyCount "91"]
[EventDate "2015.??.??"]

1. e4 e5 2. Nf3 Nc6 3. Bc4 Bc5 4. c3 d6 5. d4 exd4 6. cxd4 Bb4+ 7. Nc3 Nf6 8.
O-O O-O 9. Re1 Bxc3 10. bxc3 Nxe4 11. Bxf7+ Rxf7 12. Rxe4 d5 13. Bg5 Qd6 14.
Re8+ Rf8 15. Qe2 Bg4 16. Rxa8 Rxa8 17. Qe3 Bh5 18. Bf4 Qd7 19. Ne5 Qf5 20. Rc1
Re8 21. Qg3 Na5 22. h3 Be2 23. Qg5 Qxg5 24. Bxg5 Bc4 25. Rc2 Re6 26. Bd8 Nc6
27. Bxc7 Nxe5 28. dxe5 Ra6 29. f4 Rxa2 30. Rxa2 Bxa2 31. Bb8 a5 32. Bc7 a4 33.
Bd6 Bb3 34. g4 g6 35. Kf2 Kf7 36. Kg3 Ke6 37. h4 h5 38. f5+ gxf5 39. gxh5 a3
40. Bxa3 Kxe5 41. Bc1 Kf6 42. Be3 Kg7 43. Bf4 Kh7 44. Bg5 Bc2 45. Kf4 Be4 46.
Ke5 1/2-1/2

[Event "17ème Open International de La Réunion"]
[Site "Saint Denis"]
[Date "2015.10.10"]
[Round "7.12"]
[White "Hoareau, Noe"]
[Black "Melon, Antonin"]
[Result "0-1"]
[WhiteElo "1495"]
[BlackElo "1520"]
[PlyCount "24"]
[EventDate "2015.??.??"]

1. e4 e5 2. Nf3 Nc6 3. d4 exd4 4. Bc4 Be7 5. c3 dxc3 6. Qd5 Nh6 7. Bxh6 Rf8 8.
Bxg7 Nb4 9. Qh5 cxb2 10. Bxf8 d5 11. Bg7 dxc4 12. Bxb2 Nc2+ 0-1

[Event "17ème Open International de La Réunion"]
[Site "Saint Denis"]
[Date "2015.10.10"]
[Round "7.13"]
[White "Andriandaza, Tombo Omar"]
[Black "Desor, Helmut"]
[Result "1/2-1/2"]
[WhiteElo "1721"]
[BlackElo "1767"]
[PlyCount "80"]
[EventDate "2015.??.??"]

1. d4 Nf6 2. Nf3 e6 3. Bg5 Be7 4. Nbd2 d5 5. e3 Nbd7 6. Bd3 c5 7. c3 O-O 8. O-O
a6 9. Re1 b5 10. e4 dxe4 11. Nxe4 Bb7 12. Ng3 cxd4 13. cxd4 Re8 14. Qe2 Nd5 15.
Bxe7 Qxe7 16. Qe4 N7f6 17. Qh4 Nb4 18. Bb1 Bxf3 19. gxf3 g6 20. Qh6 Qf8 21. Qg5
Qg7 22. a3 Nbd5 23. Bd3 Rac8 24. Rac1 h6 25. Qd2 Qf8 26. Rxc8 Rxc8 27. Rc1
Rxc1+ 28. Qxc1 Kh7 29. Qc6 Nf4 30. Bf1 Qd8 31. Qxa6 Qxd4 32. Ne2 Nxe2+ 33. Bxe2
Qxb2 34. Bxb5 Qc1+ 35. Kg2 Qg5+ 36. Kh1 Qc1+ 37. Bf1 Qd2 38. Qe2 Qa5 39. Qb2
Nd5 40. Kg1 Nb6 1/2-1/2

[Event "17ème Open International de La Réunion"]
[Site "Saint Denis"]
[Date "2015.10.10"]
[Round "7.14"]
[White "Chan-Faye, Yoann"]
[Black "Jotee, Ashvin"]
[Result "1-0"]
[WhiteElo "1592"]
[BlackElo "1399"]
[PlyCount "69"]
[EventDate "2015.??.??"]

1. e4 e6 2. d4 d5 3. exd5 exd5 4. c4 Nf6 5. Nc3 Be7 6. Nf3 Bg4 7. Bd3 c6 8. O-O
O-O 9. Bf4 Nbd7 10. h3 Bh5 11. Re1 Re8 12. Re3 dxc4 13. Bxc4 Nb6 14. Bb3 Nbd5
15. Nxd5 Nxd5 16. Bxd5 Qxd5 17. Qd3 Bxf3 18. Rxf3 Bf6 19. Be3 Rad8 20. Rf5 Qd6
21. Rd1 g6 22. Ra5 a6 23. Qb3 Qc7 24. Qb4 Re4 25. Ra4 Rd5 26. Qc3 Qd7 27. Rc4
Re6 28. Rc5 Be7 29. Rxd5 Qxd5 30. Rd3 Qxa2 31. d5 Bf6 32. Qc2 Rd6 33. dxc6 Rxc6
34. Qd2 Qxb2 35. Rd8+ 1-0

[Event "17ème Open International de La Réunion"]
[Site "Saint Denis"]
[Date "2015.10.10"]
[Round "7.16"]
[White "Sawmynaden, Righen"]
[Black "Calmels, Nicolas"]
[Result "1/2-1/2"]
[WhiteElo "1399"]
[BlackElo "1945"]
[PlyCount "96"]
[EventDate "2015.??.??"]

1. d4 d5 2. c4 e6 3. Nf3 Bb4+ 4. Bd2 Be7 5. Nc3 Nf6 6. Qc2 c6 7. e4 dxc4 8. a4
c5 9. dxc5 Bxc5 10. Bxc4 Qb6 11. O-O Ng4 12. Bf4 Nc6 13. Nb5 O-O 14. Bc7 Bxf2+
15. Rxf2 Qxf2+ 16. Qxf2 Nxf2 17. Kxf2 a6 18. Nd6 Bd7 19. a5 Nb4 20. Ne5 Bc8 21.
Bb3 f5 22. exf5 Nd5 23. Bxd5 exd5 24. g4 g6 25. Rg1 Kg7 26. Ke3 Kf6 27. Kd4
gxf5 28. gxf5 Bxf5 29. Rf1 Ke6 30. Nxb7 Rac8 31. Nc5+ Ke7 32. Nc6+ Ke8 33. Re1+
Be4 34. Nxe4 dxe4 35. Rxe4+ Kd7 36. Nd8 Kxc7 37. Ne6+ Kc6 38. Nxf8 Rxf8 39. h4
Rf5 40. Re6+ Kb5 41. Re5+ Rxe5 42. Kxe5 Kxa5 43. Kf5 Kb4 44. Kg5 a5 45. Kh6 Kb3
46. Kxh7 a4 47. Kg6 Kxb2 48. h5 a3 1/2-1/2

[Event "17ème Open International de La Réunion"]
[Site "Saint Denis"]
[Date "2015.10.10"]
[Round "7.17"]
[White "Romain, Arnaud"]
[Black "Goorsahye, Antoine"]
[Result "1-0"]
[WhiteElo "1575"]
[BlackElo "1741"]
[PlyCount "53"]
[EventDate "2015.??.??"]

1. d4 Nf6 2. f4 d5 3. e3 Bg4 4. Nf3 e6 5. Bd3 Be7 6. O-O O-O 7. Qe1 Bxf3 8.
Rxf3 c5 9. c3 Nc6 10. Nd2 Rc8 11. Rh3 Re8 12. Nf3 Ne4 13. Bd2 a6 14. Qe2 g6 15.
Be1 b5 16. Bh4 Bxh4 17. Rxh4 f6 18. g4 c4 19. Bc2 b4 20. Qe1 bxc3 21. bxc3 Qa5
22. Bxe4 dxe4 23. Nd2 Qd5 24. Qf1 Ne7 25. Qh3 g5 26. Rxh7 Ng6 27. Qh6 1-0

[Event "17ème Open International de La Réunion"]
[Site "Saint Denis"]
[Date "2015.10.10"]
[Round "7.18"]
[White "Semrau, Christoph"]
[Black "Duprey, Francois-Xavier"]
[Result "0-1"]
[WhiteElo "1399"]
[BlackElo "1720"]
[PlyCount "64"]
[EventDate "2015.??.??"]

1. d4 Nf6 2. Nc3 d5 3. Bf4 a6 4. Nf3 Bf5 5. Bg5 c6 6. a3 Nbd7 7. e3 e6 8. Be2
Bd6 9. Qc1 Qa5 10. Bf4 Bxf4 11. exf4 Ne4 12. b4 Qb6 13. Qe3 Ndf6 14. Ne5 Nd6
15. Bd3 Bxd3 16. Qxd3 Nf5 17. Nf3 O-O 18. Na4 Qc7 19. Ne5 Ne4 20. O-O f6 21.
Nc5 Nxc5 22. dxc5 fxe5 23. fxe5 Qxe5 24. Rae1 Qf6 25. c3 e5 26. Re2 e4 27. Qc2
Qg5 28. g3 Nh4 29. Qb3 Nf3+ 30. Kg2 Nxh2 31. Re3 Nxf1 32. Rxe4 Nd2 0-1

[Event "17ème Open International de La Réunion"]
[Site "Saint Denis"]
[Date "2015.10.10"]
[Round "7.19"]
[White "Vitry, Patrick"]
[Black "Sandjivy, Jean Marc"]
[Result "1-0"]
[WhiteElo "1712"]
[BlackElo "1320"]
[PlyCount "107"]
[EventDate "2015.??.??"]

1. e4 c5 2. Nf3 d6 3. d4 cxd4 4. Nxd4 Nf6 5. Nc3 Bd7 6. Be2 Nc6 7. Be3 Qc8 8.
f4 Bg4 9. h3 Bxe2 10. Qxe2 e5 11. Nf3 Qd8 12. O-O-O Qc7 13. fxe5 dxe5 14. g4
Bb4 15. Nd5 Nxd5 16. exd5 e4 17. dxc6 exf3 18. Qxf3 O-O 19. Rd7 Qxc6 20. Qxc6
bxc6 21. a3 Ba5 22. Bxa7 h6 23. h4 Rfe8 24. Bd4 Re6 25. Kb1 Rc8 26. b4 Bc7 27.
g5 hxg5 28. hxg5 Bd8 29. Rf1 f6 30. gxf6 Bxf6 31. Bxf6 gxf6 32. Kb2 Ra8 33. Kb3
Rb8 34. Rf3 c5 35. c3 cxb4 36. axb4 Rc6 37. c4 Re6 38. b5 Rbb6 39. Kb4 Rb8 40.
Rf5 Kf8 41. Rc7 Ke8 42. Rh7 Rd8 43. Rh8+ Ke7 44. Rxd8 Kxd8 45. c5 Kc7 46. Kc4
Re4+ 47. Kd5 Rb4 48. b6+ Kb7 49. Rxf6 Ka6 50. Kc6 Rb5 51. Rf1 Ra5 52. b7 Ka7
53. Rf8 Ra6+ 54. Kc7 1-0

[Event "17ème Open International de La Réunion"]
[Site "Saint Denis"]
[Date "2015.10.10"]
[Round "7.20"]
[White "Herrero, Alain"]
[Black "Etheve, Lionel"]
[Result "1-0"]
[WhiteElo "1689"]
[BlackElo "1390"]
[PlyCount "67"]
[EventDate "2015.??.??"]

1. d4 d5 2. c4 c6 3. Nc3 e6 4. e3 Nf6 5. Nf3 Nbd7 6. Bd3 Bd6 7. O-O h6 8. b3
Qc7 9. g3 b6 10. e4 dxe4 11. Nxe4 Nxe4 12. Bxe4 Nf6 13. Bd3 O-O 14. Bb2 Be7 15.
Qc2 Bb7 16. c5 Nd5 17. a3 Bf6 18. Rfe1 Qe7 19. Ne5 Bxe5 20. Rxe5 bxc5 21. dxc5
Nf6 22. Rc1 Rad8 23. b4 Rd5 24. Bc4 Rxe5 25. Bxe5 Nd7 26. Bd6 Qe8 27. Re1 Kh8
28. Bxf8 Qxf8 29. Qd3 Nf6 30. f4 Kg8 31. f5 exf5 32. Qxf5 Qc8 33. Qxc8+ Bxc8
34. Re7 1-0

[Event "17ème Open International de La Réunion"]
[Site "Saint Denis"]
[Date "2015.10.10"]
[Round "7.21"]
[White "Sawmynaden, Vicken"]
[Black "Collet, Jean Daniel"]
[Result "1-0"]
[WhiteElo "1399"]
[BlackElo "1656"]
[PlyCount "49"]
[EventDate "2015.??.??"]

1. d4 Nf6 2. Nc3 c6 3. e4 d6 4. Nf3 Bg4 5. Be2 Nbd7 6. Be3 Qa5 7. Qd3 e5 8. O-O
Be7 9. dxe5 dxe5 10. Nd2 Nc5 11. Bxc5 Bxc5 12. Nb3 Bxe2 13. Qxe2 Qb4 14. a3 Qb6
15. Na4 Bxf2+ 16. Qxf2 Qxf2+ 17. Rxf2 Nxe4 18. Re2 f5 19. Nc3 Nxc3 20. Rxe5+
Kd7 21. bxc3 g6 22. Rd1+ Kc7 23. Nc5 a6 24. Rd7+ Kb6 25. Rxb7+ 1-0

[Event "17ème Open International de La Réunion"]
[Site "Saint Denis"]
[Date "2015.10.10"]
[Round "7.22"]
[White "Sandjivy, Mateo"]
[Black "Cochard, Franck-Olivier"]
[Result "1/2-1/2"]
[WhiteElo "1384"]
[BlackElo "1646"]
[PlyCount "76"]
[EventDate "2015.??.??"]

1. d4 g6 2. Nf3 Nf6 3. Bf4 Bg7 4. Nc3 d6 5. e3 Nh5 6. Bg3 Nxg3 7. hxg3 Bg4 8.
Be2 Nd7 9. Qd2 c5 10. O-O-O cxd4 11. Nxd4 Bxe2 12. Ndxe2 Nc5 13. a3 a5 14. Qd5
Qb6 15. Qc4 Qa6 16. Qb5+ Qxb5 17. Nxb5 O-O 18. Rh2 Rac8 19. Nbc3 Rb8 20. Rdh1
h6 21. g4 b5 22. Nd4 b4 23. axb4 axb4 24. Nd1 Rfc8 25. Kd2 Rc7 26. f4 e5 27.
Ne2 Na4 28. c3 Nxb2 29. Nxb2 bxc3+ 30. Nxc3 Rxb2+ 31. Kd3 e4+ 32. Nxe4 d5 33.
Nd2 Rc3+ 34. Ke2 Rcc2 35. Rd1 Bc3 36. Kd3 Rxd2+ 37. Kxc3 d4+ 38. exd4 Rbc2+
1/2-1/2

[Event "17ème Open International de La Réunion"]
[Site "Saint Denis"]
[Date "2015.10.10"]
[Round "7.23"]
[White "Strate, Wolfgang"]
[Black "Romain, Juliane"]
[Result "1/2-1/2"]
[WhiteElo "1628"]
[BlackElo "1364"]
[PlyCount "121"]
[EventDate "2015.??.??"]

1. d4 d5 2. e4 Nc6 3. e5 Bf5 4. c3 e6 5. Nf3 Qd7 6. Bb5 O-O-O 7. Qa4 Nge7 8.
Bg5 h6 9. Bh4 g5 10. Bg3 Bg7 11. Nbd2 Rdg8 12. Nb3 Bc2 13. Nfd2 a6 14. Be2 Nf5
15. Rc1 Nxg3 16. hxg3 Bxb3 17. Nxb3 Bf8 18. Nd2 Qd8 19. b4 f6 20. b5 axb5 21.
Bxb5 Nb8 22. Rb1 fxe5 23. dxe5 Bc5 24. Nb3 Bb6 25. Nd4 Qe7 26. Bd3 Qc5 27. Qb3
Nd7 28. Qc2 Nxe5 29. Be2 Re8 30. Rb5 Qd6 31. Qa4 c5 32. Nf3 Nxf3+ 33. gxf3 Kc7
34. O-O Ra8 35. Qb3 c4 36. Qc2 Bc5 37. a4 b6 38. Rfb1 h5 39. Bd1 h4 40. Kg2 Ra5
41. Qg6 Qe5 42. Qc2 Rxb5 43. Rxb5 hxg3 44. fxg3 Bd6 45. Qf2 Bc5 46. Qe2 Qxc3
47. Qxe6 Qd2+ 48. Qe2 Qxe2+ 49. Bxe2 Ra8 50. Bd1 d4 51. f4 gxf4 52. gxf4 Kd6
53. Kf3 Ke6 54. Ke4 Ra5 55. Rxa5 bxa5 56. f5+ Kf6 57. Kd5 Bb6 58. Kxc4 Kxf5 59.
Kd3 Ke5 60. Bh5 Kd5 61. Be8 1/2-1/2

[Event "17ème Open International de La Réunion"]
[Site "Saint Denis"]
[Date "2015.10.10"]
[Round "7.24"]
[White "Mablouke, Ulrich"]
[Black "Oster, Jean-Marie"]
[Result "0-1"]
[WhiteElo "1653"]
[BlackElo "1474"]
[PlyCount "36"]
[EventDate "2015.??.??"]

1. e4 c5 2. b4 e6 3. bxc5 Bxc5 4. d4 Bb6 5. e5 Ne7 6. c3 Nbc6 7. Bd3 d6 8. f4
dxe5 9. fxe5 O-O 10. Nf3 f5 11. exf6 Rxf6 12. h4 Qd6 13. O-O Nf5 14. Ng5 h6 15.
Ne4 Qe7 16. Nxf6+ Qxf6 17. h5 Ncxd4 18. Bxf5 Ne2+ 0-1

[Event "17ème Open International de La Réunion"]
[Site "Saint Denis"]
[Date "2015.10.10"]
[Round "7.25"]
[White "Padre, Maxime"]
[Black "Dace, Jean Emeric"]
[Result "1-0"]
[WhiteElo "1200"]
[BlackElo "1399"]
[PlyCount "146"]
[EventDate "2015.??.??"]

1. e4 g6 2. d4 Bg7 3. Nf3 d6 4. Nc3 c6 5. Bc4 b5 6. Bb3 a5 7. a3 Nf6 8. e5 dxe5
9. dxe5 Qxd1+ 10. Nxd1 Ng4 11. Bf4 O-O 12. h3 Nh6 13. Ne3 Bb7 14. O-O-O c5 15.
Bd5 Bc6 16. Rd2 e6 17. Bxc6 Nxc6 18. Rd6 Rfc8 19. Rhd1 a4 20. Rd7 b4 21. Rb7
bxa3 22. bxa3 Nd4 23. Nxd4 cxd4 24. Rxd4 Bf8 25. Bxh6 Bxh6 26. Rbb4 Bf8 27.
Rxa4 Bxa3+ 28. Kd1 Bb2 29. Rxa8 Rxa8 30. Re4 Rd8+ 31. Ke2 Bc3 32. Nc4 Rd4 33.
Rxd4 Bxd4 34. f4 Kf8 35. Ne3 h5 36. Kd3 Ba7 37. c4 Ke7 38. Nc2 Bc5 39. Ne3 f6
40. Nf1 fxe5 41. fxe5 h4 42. g3 g5 43. g4 Kd7 44. Nd2 Kc6 45. Nb3 Bf2 46. Nd4+
Kd7 47. Nf3 Bg3 48. Nxg5 Bxe5 49. Nf3 Bf6 50. g5 Be7 51. g6 Bf6 52. Nxh4 Bg7
53. Nf3 Kd6 54. Nh2 Ke7 55. h4 Kf8 56. h5 Be5 57. Ng4 Bg7 58. h6 Bxh6 59. Nxh6
Kg7 60. c5 e5 61. c6 Kxh6 62. c7 Kxg6 63. c8=Q Kf6 64. Ke4 Ke7 65. Qc5+ Ke6 66.
Qxe5+ Kd7 67. Qf6 Kc7 68. Qe6 Kb7 69. Qd6 Kc8 70. Qe7 Kb8 71. Qd7 Ka8 72. Kd5
Kb8 73. Kc6 Ka8 1-0

[Event "17ème Open International de La Réunion"]
[Site "Saint Denis"]
[Date "2015.10.10"]
[Round "7.26"]
[White "Sandjivy, Vivien"]
[Black "Mercadal, Theo"]
[Result "0-1"]
[WhiteElo "1318"]
[BlackElo "1143"]
[PlyCount "56"]
[EventDate "2015.??.??"]

1. Nf3 d5 2. d4 Nc6 3. Bf4 Nf6 4. Nc3 e6 5. Nb5 Bd6 6. Ne5 h6 7. Qd2 a6 8.
Nxd6+ cxd6 9. Nxc6 bxc6 10. Qb4 O-O 11. Bxd6 Re8 12. Qc5 Ne4 13. Qxc6 Bd7 14.
Qc7 Qxc7 15. Bxc7 Rec8 16. f3 Rxc7 17. fxe4 Rxc2 18. exd5 Rxb2 19. dxe6 Bxe6
20. a3 Rd8 21. e3 a5 22. g3 Rc8 23. Bd3 Rc3 24. Rd1 Rxa3 25. O-O Raa2 26. Rf4
Rg2+ 27. Kf1 Rxh2 28. Rb1 Rh1# 0-1

[Event "17ème Open International de La Réunion"]
[Site "Saint Denis"]
[Date "2015.10.10"]
[Round "7.27"]
[White "Assie, Joel"]
[Black "Poudroux, Mathilde"]
[Result "1-0"]
[WhiteElo "1450"]
[BlackElo "1199"]
[PlyCount "103"]
[EventDate "2015.??.??"]

1. d4 d5 2. Nf3 Nc6 3. Bf4 Nf6 4. e3 Bf5 5. c3 e6 6. Bd3 Bd6 7. Bg5 O-O 8. Bxf5
exf5 9. O-O Be7 10. Bf4 Ne4 11. Nbd2 Bd6 12. Ne5 f6 13. Nxc6 bxc6 14. Bxd6 cxd6
15. f4 c5 16. Rf3 c4 17. Rh3 Rb8 18. Rb1 Qa5 19. a3 Nxc3 20. bxc3 Rxb1 21. Nxb1
Qb5 22. Rf3 Qb3 23. Qxb3 cxb3 24. Rf2 Re8 25. Re2 Rb8 26. Rb2 Re8 27. Kf2 g5
28. g3 Rb8 29. Nd2 Rc8 30. Rxb3 g4 31. Ke2 Ra8 32. Rb4 a6 33. a4 Rc8 34. Kd3 h5
35. Rb7 Rc6 36. a5 Kf8 37. Rb6 Rc7 38. Rxa6 Ke7 39. Nb1 Rb7 40. Rb6 Ra7 41. a6
Kd7 42. Rb7+ Rxb7 43. axb7 Kc7 44. c4 Kxb7 45. cxd5 Kc7 46. Kc4 Kd7 47. Kb5 Ke7
48. Kc6 Kf7 49. Kxd6 Kg6 50. Ke6 Kg7 51. Ke7 Kg6 52. d6 1-0

[Event "17ème Open International de La Réunion"]
[Site "Saint Denis"]
[Date "2015.10.10"]
[Round "7.28"]
[White "Collet, Marine Celine Theres"]
[Black "Leonardy, Baptiste"]
[Result "0-1"]
[WhiteElo "1450"]
[BlackElo "1140"]
[PlyCount "28"]
[EventDate "2015.??.??"]

1. e4 e5 2. Nf3 Nc6 3. d4 Bd6 4. Bc4 h6 5. dxe5 Nxe5 6. Nxe5 Bxe5 7. Qd5 Qe7 8.
b3 Bxa1 9. Ba3 Nf6 10. Qf5 Qxe4+ 11. Qxe4+ Nxe4 12. O-O d6 13. Re1 Bf5 14. f3
Bd4+ 0-1